American marriage and divorce / (Record no. 34488)
[ view plain ]
| 000 -LEADER | |
|---|---|
| fixed length control field | 01076cam a22002891 4500 |
| 001 - CONTROL NUMBER | |
| control field | 34488 |
| 003 - CONTROL NUMBER IDENTIFIER | |
| rucl marc code | BD-RjUL |
| 005 - DATE AND TIME OF LATEST TRANSACTION | |
| control field | 20211209052152.0 |
| 008 - FIXED-LENGTH DATA ELEMENTS--GENERAL INFORMATION | |
| fixed length control field | 140517s1959 nyua b 001 0 eng d |
| 035 ## - SYSTEM CONTROL NUMBER | |
| System control number | (BD-RjUL)34582 |
| System control number | (OCoLC)1540551 |
| 040 ## - CATALOGING SOURCE | |
| Original cataloging agency | DLC |
| Transcribing agency | FU-L |
| Modifying agency | CSdC-L |
| -- | OCoLC |
| -- | BD-RjUL |
| Language of cataloging | eng |
| 041 ## - LANGUAGE CODE | |
| Language code of text/sound track or separate title | eng |
| 082 ## - DEWEY DECIMAL CLASSIFICATION NUMBER | |
| Classification number | 312.450973 |
| Author mark and year | JAA 1959 |
| 100 1# - MAIN ENTRY--PERSONAL NAME | |
| Personal name | Jacobson, Paul H. |
| Fuller form of name | (Paul Harold), |
| Dates associated with a name | 1912- |
| 9 (RLIN) | 104892 |
| 245 10 - TITLE STATEMENT | |
| Title | American marriage and divorce / |
| Statement of responsibility, etc. | [by] Paul H. Jacobson, in collaboration with Pauline F. Jacobson. |
| 260 ## - PUBLICATION, DISTRIBUTION, ETC. (IMPRINT) | |
| Place of publication, distribution, etc. | New York : |
| Name of publisher, distributor, etc. | Rinehart & Co., |
| Date of publication, distribution, etc. | 1959. |
| 300 ## - PHYSICAL DESCRIPTION | |
| Pagination | xviii, 188 p. : |
| Illustrations | diagrs., forms, tables. ; |
| Size | 26 cm. |
| 500 ## - GENERAL NOTE | |
| General note | "The initial version of the introduction and chapters 1-3 ... was used as the author's doctoral dissertation at Columbia University." |
| 504 ## - BIBLIOGRAPHY, ETC. NOTE | |
| Bibliography, etc | Includes index and Bibliographical footnotes. |
| 650 #0 - SUBJECT ADDED ENTRY--TOPICAL TERM | |
| Topical term or geographic name as entry element | Marriage |
| Geographic subdivision | United States. |
| 9 (RLIN) | 5615 |
| Topical term or geographic name as entry element | Divorce |
| Geographic subdivision | United States. |
| 9 (RLIN) | 104893 |
| 700 ## - ADDED ENTRY--PERSONAL NAME | |
| Personal name | Pauline F. Jacobson |
| 942 ## - ADDED ENTRY ELEMENTS (KOHA) | |
| Source of classification or shelving scheme | Dewey Decimal Classification |
| Koha item type | Books |
| Lost status | Source of classification or shelving scheme | Damaged status | Not for loan | Collection code | Permanent Location | Current Location | Shelving location | Date acquired | Source of acquisition | Cost, normal purchase price | Total Checkouts | Full call number | Date last seen | Copy number | Koha item type |
|---|---|---|---|---|---|---|---|---|---|---|---|---|---|---|---|
| Dewey Decimal Classification | Not For Loan | Non-fiction | Central Library, University of Rajshahi | Central Library, University of Rajshahi | Reading Room | 30/03/1964 | Zeitlinger | 96.00 | 312.450973 JAA 1959 | 17/05/2014 | C-1 | Books |